| 000 | 01009nam a2200265 a 4500 | ||
|---|---|---|---|
| 999 |
_c2802 _d2802 |
||
| 005 | 20200104041536.0 | ||
| 008 | 140307b2001 ck |||||rm||| 00| 0 spa d | ||
| 040 |
_aCO-BoIAVH _cCO-BoIAVH |
||
| 041 | _aspa | ||
| 044 | _ack | ||
| 090 |
_aTE- _b0127 |
||
| 100 | 1 | _aGonzález Valencia, Eliana | |
| 245 | 1 | 0 | _aDiversidad genética de tres poblaciones de Colombobalanus excelsa (Forman) Nixon and CrePet, (Fagaceae), especie endémica de los Andes colombianos |
| 260 |
_aCali: _bUniversidad del Valle, _c2001. |
||
| 300 | _a67 páginas | ||
| 502 | _aTrabajo de grado presentado como requisito para optar al título de bióloga con mención de botánica | ||
| 650 | 1 | 6 | _aArboles |
| 650 | 1 | 6 | _aEspecies endémicas |
| 650 | 1 | 6 | _aEspecies amenazadas |
| 650 | 1 | 6 | _aDiversidad genética |
| 650 | 1 | 6 | _aBosques subandinos |
| 700 | 1 |
_aFernández Manjarrés, Juan Fernando _eDirector |
|
| 700 | 1 |
_aCárdenas Henao, Heiber _eCo-director |
|
| 942 |
_cTESIS _2z |
||